[Event "ICS rated blitz match"]
[Site "204.178.125.65"]
[Date "1999.10.31"]
[Round "?"]
[White "FREDTHEMATE"]
[Black "Hossa"]
[Result "0-1"]
[WhiteElo "2105"]
[BlackElo "2527"]
[Annotator "Hiarcs 7.32 (22s)"]
[PlyCount "50"]
[EventDate "1999.??.??"]

1. d4 Nf6 2. c4 c5 3. e3 cxd4 4. exd4 e6 5. Nc3 d5 6. Nf3 Nc6 7. Be2 Be7 8. O-O
O-O 9. a3 dxc4 10. Bxc4 b6 11. Re1 Bb7 12. Bf4 $146 (12. Be3 Rc8 13. Ba2 Na5
14. Rc1 Nc4 15. Ne5 b5 16. Nxb5 Qd5 17. f3 Nxe3 18. Rxc8 Bxc8 19. Bxd5 Nxd1 20.
Rxd1 Nxd5 21. Nxa7 f6 22. Nec6 Bd6 23. b4 Bd7 24. Rd3 Ra8 25. g3 Rxa7 26. Nxa7
Bb8 27. b5 Bxa7 28. a4 Nc3 29. Kg2 Nxa4 30. Rb3 Kf7 31. f4 Ke7 32. Kf3 Kd6 33.
Ke4 Nb6 34. Ra3 f5+ 35. Kd3 Bxb5+ 36. Kc2 Nc8 37. Ra5 Bc6 38. Kc3 Bb6 39. Ra1
Ne7 40. Rb1 Nd5+ 41. Kd3 h5 42. Rb2 h4 43. Rb3 h3 44. Kc4 Be8 45. Ra3 Bh5 46.
Kd3 Bf3 47. Kd2 Bg2 48. Ra6 Kc7 49. Ra4 Kc6 50. Rc4+ Kb5 51. Rc8 Bxd4 52. Re8
Kc4 53. Rxe6 53... Nf6 {0-1 Stippekohl,P-Poppner,D/OLNO 9293 1993/BIG 90 (53)})
(12. Ba2 Qc7 (12... Qd7 13. Be3 Rad8 14. Qe2 Ng4 15. Rad1 Nxe3 16. Qxe3 Bf6 17.
d5 Bxc3 18. Qxc3 Ne7 19. dxe6 Qxd1 20. exf7+ Kh8 21. Rxd1 Rxd1+ 22. Ne1 Nd5 23.
Qe5 Nf4 24. Qe7 Ng6 25. Qe2 Ra1 26. Bc4 Bxg2 27. f4 {
Bricard,E-Lepelletier,B/FRA-ch 1996/EXP 54/0-1 (39)}) (12... Rc8 13. Qd3 Rc7
14. Bf4 Rd7 15. Rad1 Re8 16. b4 Nh5 17. Be3 Bf6 18. Ne4 Be7 19. b5 Nb8 20. Ne5
Rd5 21. Bxd5 Qxd5 22. f3 f6 23. Nc3 Qb3 24. Rb1 Qxa3 25. Nc4 {
1-0 Sekulic,D-Miladinovic,I/JUG-ch Banja Vrucica 1991/EXT 91ch (25)}) 13. Be3
Rad8 14. Qe2 Qb8 15. Rad1 Na5 16. Bg5 h6 17. Bh4 Nc6 18. Bg3 Bd6 19. Ne5 Ne7
20. Bh4 g5 21. Bg3 Qa8 22. Nxf7 {
1-0 Lobron,E-Wilder,M/New York op 1987/CBM 02 (22)}) 12... Rc8 {
Nun geraet Weiss unter starken Druck.} 13. Rc1 $2 $17 (13. Bd3 $5 $11 $142 {
ist noch spielbar}) 13... Nxd4 $1 {bleibt am Druecker.} 14. Be2 Nxf3+ 15. Bxf3
Qxd1 16. Bxd1 Rfd8 17. Bc2 Rc4 18. Be5 Ng4 19. Bb3 $19 (19. Bg3 $5 $17 $142)
19... Nxe5 20. Rxe5 Rg4 21. g3 Rgd4 22. Rce1 (22. Bc2 22... Rd2 $19) 22... Rd2
23. R5e2 Ba6 24. Rxd2 Rxd2 25. Rd1 Rxb2 (25... Rxb2 26. Rd7 26... Bxa3 $19) 0-1

[Event "ICS rated blitz match"]
[Site "204.178.125.65"]
[Date "1999.10.31"]
[Round "?"]
[White "FREDTHEMATE"]
[Black "Hossa"]
[Result "0-1"]
[WhiteElo "2131"]
[BlackElo "2501"]
[Annotator "Hiarcs 7.32 (22s)"]
[PlyCount "100"]
[EventDate "1999.??.??"]

1. d4 Nf6 2. c4 c5 3. d5 b5 4. cxb5 a6 5. bxa6 g6 6. Nc3 Bxa6 7. e4 Bxf1 8.
Kxf1 d6 9. g3 Bg7 10. Kg2 O-O 11. Nf3 Nbd7 12. a4 $146 (12. Qc2 Qa5 (12... Qb6
13. Re1 Ng4 14. Bd2 Rfb8 15. Rab1 Qa6 16. a3 Rb6 17. Red1 Rab8 18. a4 Qc4 19.
Rdc1 Rb3 20. h3 Nge5 21. Ne1 Qa6 22. Nd1 Qxa4 23. f4 Nd3 24. Nc3 Nxe1+ 25. Bxe1
Qb4 26. h4 Rxb2 27. Rxb2 Qxb2 28. Qxb2 Rxb2+ 29. Kh3 Rb4 30. Ra1 Rc4 31. Ra7
Nf8 32. Nb5 Rxe4 33. Bf2 Rb4 34. Nc7 Bd4 35. Be1 Rb2 36. Ra8 Re2 37. Ba5 Ra2
38. Bb6 Rxa8 39. Nxa8 Nd7 40. Ba5 e6 41. dxe6 fxe6 42. Nc7 e5 43. Nb5 d5 44.
Nc7 Nf6 45. Ne6 Kf7 46. fxe5 Kxe6 47. exf6 47... Bxf6 {
0-1 Wohlmuth,M-Graetz,F/Schoeneck 1996 (47)}) 13. Bd2 Ng4 (13... Rfb8 14. Rhb1
(14. Rhe1 Qb4 15. Nd1 Qa4 16. Qc1 Ng4 17. Bc3 Bxc3 18. Nxc3 Qb4 19. b3 c4 20.
Rb1 Qc5 21. Qd2 cxb3 22. axb3 Rb4 23. Na2 Rb7 24. Nd4 Rxa2 25. Qxa2 Qxd4 26.
Rbd1 Qb4 27. h3 Ngf6 28. Re3 28... Nxe4 {
Wittmann,W-Titz,H/AUT-chT2S 1993/EXT 93ch2/0-1 (43)}) 14... Ne8 15. Nd1 Qa4 16.
b3 Qa3 17. Bc3 Bxc3 18. Qxc3 Qb4 19. Qxb4 Rxb4 20. a3 Rb7 21. Ne3 Nc7 22. b4
cxb4 23. axb4 Rxa1 24. Rxa1 Nf6 25. Nd2 Rxb4 26. Ra7 Nfe8 27. Kf3 Kf8 28. Ke2 {
Burmakin,V-Volzhin,A/Novgorod op 1995/EXP 49/1-0 (49)}) 14. Nd1 Qa6 15. Re1
Rfb8 16. Bc3 Nge5 17. Nxe5 Nxe5 18. Ne3 Qd3 19. Red1 Qxc2 20. Nxc2 Ra4 21. f3
Rba8 22. a3 Rb8 23. Ne3 Rb3 24. Rac1 h5 25. Rc2 Nc4 26. Nxc4 26... Rxc4 {
Krumpacnik,D-Martynov,P/Budapest Spring op 1991/TD 91\05/1-0 (62)}) (12. Bf4
Qb6 13. Qc2 Rfb8 14. Rab1 Ng4 15. h3 Nge5 16. Nd2 Qa6 17. b3 Nd3 18. a4 Nb4 19.
Qc1 Nd3 20. Qc2 Nb4 21. Qc1 Qd3 22. Nb5 f5 23. Qc4 fxe4 24. Nxe4 Qxd5 25. Rhd1
Qxc4 26. bxc4 26... Ne5 {
Ipekyilmaz,E-Kruse,H/Dortmund op-B 1993/TD 93\06/0-1 (58)}) 12... Rb8 13. Re1
Qa5 14. Qc2 e5 15. Bd2 Qb6 16. Nb5 Ne8 17. Reb1 $16 (17. b4 f5 18. Ng5 cxb4 19.
Bxb4 19... Bh6 $18) 17... f5 18. b4 fxe4 19. Qxe4 $11 (19. Ng5 $5 19... Nef6
20. Nxe4 Nxe4 21. Qxe4 cxb4 22. Be3 $16) 19... Nef6 20. Qc2 $15 (20. Qc4 $5
$142 {ist eine gute Alternative} 20... e4 21. Ng5 $11) 20... Nxd5 $11 (20... e4
21. Ng5 Ng4 22. Qxe4 Rxf2+ 23. Kg1 Bxa1 24. Qxg4 $16) 21. bxc5 Qxc5 22. Qxc5
$15 (22. Ra2 Qxc2 23. Rxc2 23... e4 $14) 22... Nxc5 23. Nxd6 $17 (23. Ra3 $5
$15 {muss beachtet werden}) 23... Nb3 $15 (23... e4 $5 24. Ng5 Bxa1 25. Rxa1
Rb2 26. Ndxe4 26... Nb3 $17) 24. Ra2 $17 (24. Ne4 $5 {kam sehr in Betracht}
24... Nxa1 25. Rxa1 $15) 24... Rxf3 25. Be3 $2 $19 (25. Kxf3 $142 25... Nd4+
26. Ke4 Nf6+ 27. Kxe5 Nc6+ 28. Kf4 Rxb1 29. Kf3 $19) 25... Rxe3 26. fxe3 Nc3
27. Rab2 Nxb1 28. Rxb1 Rd8 29. Ne4 Rd3 30. Kf3 (30. Kf2 Bh6 31. Nf6+ 31... Kf7
$19) 30... Nd4+ (30... Bh6 $5 $142 {waere im Gewinnsinne praeziser} 31. Nf6+
Kg7 32. Ng4 Rxe3+ 33. Nxe3 Nd2+ 34. Kf2 Bxe3+ 35. Kxe3 Nxb1 36. a5 $19) 31. Kf2
31... Nc2 $17 (31... Rb3 $5 $142 {gibt noch groesseren Vorteil} 32. Rxb3 32...
Nxb3 $19) 32. Nc5 $19 (32. Rb8+ $5 $142 32... Kf7 33. Rb7+ Kf8 34. Ng5 $17)
32... Rd2+ 33. Kf3 h5 (33... Rd8 $5 $142 34. Ke4 $19) 34. a5 34... e4+ $17 (
34... Bf8 35. Rb8 Kf7 36. Rb7+ Be7 37. a6 $17) 35. Kxe4 $19 (35. Nxe4 35... Rd3
$1 {danach kommt Schwarz in Vorteil} 36. Rb8+ 36... Bf8 $17) 35... Rxh2 $4 $14
{wirft den Vorteil weg} (35... Re2 $142 36. Rb8+ 36... Kh7 $17) 36. a6 Nxe3 37.
Ra1 $4 $19 {wirft den sicheren Gewinn weg} (37. Rb8+ $142 {
ist die einzige Rettung} 37... Kh7 38. a7 $16) 37... Bxa1 38. Nb3 (38. Kxe3 {
aendert den traurigen Lauf der Dinge nicht} 38... Rc2 39. Nd7 39... Ra2 $19)
38... Ra2 39. Kxe3 (39. Nxa1 {der letzte Widerstandsversuch} 39... Nf1 40. Nb3
Nxg3+ 41. Kf4 Ra4+ 42. Ke5 $19) 39... Ra3 40. Kd3 Rxb3+ 41. Kc4 Rb6 42. Kd3
Rxa6 43. Ke4 43... Re6+ {Schwarz zwingt den Gegner mit starken Drohungen nieder
} 44. Kf3 Kh7 45. Kg2 Rf6 46. Kh3 46... Kh6 {Droht Matt} 47. Kg2 47... Kg5 {
Mit der Mattdrohung Kg4} 48. Kh3 48... Rf2 $1 {logisch und kraftvoll} 49. g4
49... Be5 $1 {die Pointe} 50. gxh5 Rh2# 0-1

[Event "ICS rated blitz match"]
[Site "204.178.125.65"]
[Date "1999.10.31"]
[Round "?"]
[White "Hossa"]
[Black "FREDTHEMATE"]
[Result "1-0"]
[WhiteElo "2504"]
[BlackElo "2128"]
[Annotator "Hiarcs 7.32 (22s)"]
[PlyCount "27"]
[EventDate "1999.??.??"]

1. e4 c5 2. Nf3 d6 3. d4 cxd4 4. Nxd4 Nf6 5. Nc3 a6 6. Be2 e5 7. Nb3 Be7 8. O-O
O-O 9. Be3 Be6 10. Bf3 10... Nc6 $14 (10... Nbd7 11. a4 (11. Nd2 Rc8 12. Nd5
Bxd5 13. exd5 Nb6 14. Bxb6 Qxb6 15. b3 Nd7 16. c4 f5 17. Re1 e4 18. Be2 Bf6 19.
Rc1 Bd4 20. Rf1 Bxf2+ 21. Kh1 Ne5 22. Rc3 Be3 23. Qc2 g6 24. b4 Bxd2 25. Qxd2
Qxb4 26. Qc2 b5 27. Qc1 Nxc4 28. a3 Qc5 29. Qh6 Qxd5 30. Rh3 Rc7 31. g4 f4 32.
Rh5 gxh5 33. gxh5 Rg7 34. Rd1 Qe5 35. a4 Rf6 36. axb5 axb5 37. h4 Rxh6 38. Rf1
38... Rxh5 {0-1 Kellotat,G-Polovodin,I/USA-op Los Angeles 1991/TD 91\09 (38)})
(11. Qe2 b5 12. Rfd1 Bc4 13. Qd2 b4 14. Ne2 a5 15. Ng3 Be6 16. Qe2 Qc7 17. Nc1
Rfc8 18. Rd2 Rab8 19. Nd3 Bf8 20. Nh5 Nxh5 21. Bxh5 g6 22. Bg4 f5 23. exf5 gxf5
24. Bh3 Nf6 25. Bg5 Ne4 26. f4 Nxd2 27. Qxd2 Qxc2 28. Qe3 d5 29. Nf2 29... Qxb2
{0-1 Carvalho,A-Vasilevich,T/Medellin 1996 (29)}) (11. Nc1 Rc8 12. Nd3 Nb6 13.
Qe2 Nc4 14. Bd2 Qc7 15. Nb4 Nxb2 16. Ncd5 Bxd5 17. exd5 Na4 18. Rfc1 Nc3 19.
Qe1 Qc4 20. Bxc3 Qxc3 21. Rab1 Qxe1+ 22. Rxe1 Rc7 23. Rbc1 Rfc8 24. Re2 Rc4 25.
Rb1 R8c7 26. Kf1 Kf8 27. Rd2 a5 28. Na6 bxa6 29. Rb8+ Rc8 30. Rxc8+ Rxc8 31.
Be2 31... Ne4 {0-1 Curtetto,J-Demetz,Y/Paris 1993/EXT 93op (31)}) 11... Rc8 12.
Qe2 Bc4 13. Qd2 Bxf1 14. Rxf1 Nb6 15. Bxb6 Qxb6 16. Rd1 h6 17. g3 Qc6 18. Bg2
b5 19. axb5 axb5 20. f4 Qb6+ 21. Kh1 b4 22. Nd5 Nxd5 23. exd5 exf4 24. Nd4 Bf6
25. Nc6 Qe3 26. Qxb4 f3 27. Bf1 Rfe8 28. Qxd6 f2 29. Qf4 Qxf4 30. gxf4 30...
Re1 {0-1 Abdulghafour,Y-Pitterson,J/WchJM-U18 Duisburg 1992/TD 92\06 (30)}) (
10... b5 11. g4 Nbd7 12. Nd5 Bxd5 13. exd5 Nb6 14. g5 Nfd7 15. Na5 Bxg5 16. Nc6
Qf6 17. Kh1 Bf4 18. Be4 g6 19. Qg4 Rae8 20. Rg1 Kh8 21. Rad1 Bxe3 22. fxe3 Nc5
23. Rgf1 Qg7 24. b4 Nxe4 25. Qxe4 {
Rahman,W-Chong,Y/Luzern olm 1982/BIG 80/0-1 (45)}) (10... Qc7 11. Qd2 $11) 11.
Qd2 (11. Nd5 Bxd5 12. exd5 12... Na5 $14) 11... h6 $16 {Staerkt g5} (11... a5
12. Nd5 a4 13. Nc1 $11) 12. Nd5 {Der Springer steht aktiv} 12... Bxd5 13. exd5
13... Na5 $4 $18 {und es geht weiter bergab} (13... Nb8 $16 $142) 14. Nxa5 $1 {
das wars} (14. Nxa5 Qc7 15. Qb4 $18) 1-0

[Event "ICS rated blitz match"]
[Site "204.178.125.65"]
[Date "1999.10.31"]
[Round "?"]
[White "FREDTHEMATE"]
[Black "Hossa"]
[Result "0-1"]
[WhiteElo "2125"]
[BlackElo "2507"]
[Annotator "Hiarcs 7.32 (22s)"]
[PlyCount "64"]
[EventDate "1999.??.??"]

1. d4 Nf6 2. c4 c5 3. dxc5 Na6 4. Nc3 (4. a3 Nxc5 5. b4 Ne6 6. Nc3 g6 7. Bb2
Bg7 8. Qd2 O-O 9. Nd5 Nxd5 10. cxd5 Bxb2 11. Qxb2 Ng7 12. Nf3 d6 13. e3 Bf5 14.
Nd2 Rc8 15. e4 Bd7 16. Bc4 b5 17. Be2 e5 18. dxe6 Nxe6 19. O-O Nf4 20. Nf3 Bc6
21. Qd2 Qf6 22. Bd3 Rfe8 23. Rae1 a6 24. Bb1 Bb7 25. Re3 Re7 26. Rfe1 Rce8 27.
g3 Nh5 28. Qe2 Ng7 29. Qd2 Nh5 30. h3 h6 31. Kh2 Kg7 32. Qd4 Qxd4 33. Nxd4 Nf6
34. f3 Nd7 35. Nc2 Ne5 36. Ba2 Rc8 37. R1e2 Nc4 38. Bxc4 38... Rxc4 {
Mitev,G-Atanasov,P/BLG-ch 1991/TD 91\08/1-0 (73)}) (4. f3 e6 5. Nc3 Bxc5 6. e4
d6 7. a3 Nh5 8. Nh3 e5 9. g3 O-O 10. Qe2 Be6 11. Nf2 Rc8 12. Nd5 f5 13. Bh3
Bxf2+ 14. Kxf2 Nc5 15. exf5 Bxf5 16. Bxf5 Rxf5 17. g4 Nb3 18. Be3 Nxa1 19. Rxa1
Nf4 20. Bxf4 {1/2-1/2 Peredy,F-Kallgren,M/Balatonbereny op 1996/EXP 53 (20)})
4... Nxc5 5. Nf3 5... d6 $146 {Ueberdeckt e5} (5... a5 6. g3 g6 7. Bg2 Bg7 8.
O-O O-O 9. Be3 d6 10. Rc1 a4 11. b4 axb3 12. axb3 Bd7 13. Bxc5 dxc5 14. Ne5 Be6
15. Qxd8 Raxd8 16. Na4 Rd2 17. Nxc5 Rxe2 18. Nxe6 fxe6 19. Nd3 19... Ng4 {
1/2-1/2 Kos,S-Sandor,C/Berlin 1993/EXT 93op (19)}) 6. Bg5 $11 (6. b4 Na6 7. a3
7... g6 $14) 6... Nfe4 7. Nxe4 Nxe4 8. Qd3 Nxg5 9. Nxg5 Qa5+ 10. Qd2 Qxd2+ 11.
Kxd2 Bd7 12. e4 Rc8 13. b3 {Kontrolliert a4} 13... e6 14. Rd1 14... Be7 {
Schwarz ergreift die Initiative} 15. h4 Bf6 16. g3 Bc6 17. Bg2 h6 18. Nh3 g5
19. hxg5 hxg5 20. f3 b5 21. Nf2 $17 (21. cxb5 $5 21... Bxb5 22. Rc1 $15) 21...
bxc4 22. bxc4 $19 (22. Ng4 $5 $142 22... Bg7 23. Rxh8+ Bxh8 24. bxc4 $17) 22...
Rxh1 $17 (22... Ba4 $5 23. Rxh8+ Bxh8 24. Rb1 $19) 23. Rxh1 Be5 24. g4 Bb7 25.
Bf1 25... d5 $15 (25... Ba6 $5 $19 $142) 26. Nd3 Bd4 27. exd5 $17 (27. cxd5 $5
{ist zu erwaegen} 27... exd5 28. e5 $17) 27... exd5 $1 {haelt den Vorteil fest}
28. cxd5 Bxd5 29. Rh5 Bf6 30. Rh6 (30. f4 $5 30... Be6 31. Be2 gxf4 32. Nxf4
Bxa2 33. Ke3 $19) 30... Ke7 31. Be2 Bxa2 32. Nb4 $4 {
der starke Druck provoziert weitere Fehler} (32. Ke3 $19) 32... Bc3+ (32...
Bc3+ 33. Ke3 33... Bxb4 $19) 0-1

[Event "ICS rated blitz match"]
[Site "204.178.125.65"]
[Date "1999.10.31"]
[Round "?"]
[White "Hossa"]
[Black "salzi"]
[Result "1/2-1/2"]
[WhiteElo "2510"]
[BlackElo "2169"]
[Annotator "Hiarcs 7.32 (22s)"]
[PlyCount "77"]
[EventDate "1999.??.??"]

1. e4 c5 2. Nf3 Nc6 3. d4 cxd4 4. Nxd4 Nf6 5. Nc3 d6 6. Bc4 Bd7 7. Be3 Rc8 (
7... Ng4 8. Nf5 (8. Nxc6 bxc6 9. O-O g6 10. h3 Nxe3 11. fxe3 e6 12. Qd4 Rg8 13.
Rf3 Qe7 14. Rd1 Bg7 15. Qxd6 Qxd6 16. Rxd6 Ke7 17. Rd1 Rgd8 18. Na4 Be8 19. Rb1
Be5 20. Nc5 Bc7 21. Nd3 a5 22. a4 22... Rab8 {
Medvegy,N-Deutsch,L/Oberwart op 1996/EXP 53/1-0 (55)}) 8... Nxe3 9. Nxe3 e6 10.
Bb3 Na5 11. Qd4 Qg5 12. O-O Be7 13. Rad1 Qe5 14. Qd2 O-O 15. Kh1 Qc5 16. Ba4
Bxa4 17. Nxa4 Qc7 18. b3 b5 19. Nc3 Qb7 20. Ne2 Nc6 21. c4 a6 22. f4 {
Hector,J-Tischbierek,R/Copenhagen op 1991/TD 91\06/0-1 (50)}) 8. O-O $146 (8.
Qe2 Na5 9. Bb5 a6 10. Bxd7+ Nxd7 11. Rd1 Nc4 12. Bc1 g6 13. O-O Bg7 14. b3 Ncb6
15. Bb2 O-O 16. Rfe1 Re8 17. Nd5 e6 18. Nxb6 Qxb6 19. Qd2 Qc5 20. c4 Ne5 21.
Ne2 Qc6 22. f4 22... Ng4 {
Froehling,H-Ostojic,P/Wiesbaden op 1992/GER 03/0-1 (76)}) 8... a6 {Deckt b5} 9.
Qd2 $11 (9. Nxc6 $5 9... Bxc6 10. Qd3 $14) 9... Nxd4 10. Qxd4 10... e6 $14 {
Verwehrt dem Gegner d5} (10... e5 11. Qd3 b5 12. Bd5 $11) 11. Be2 Be7 12. Rad1
O-O 13. Qa7 Qc7 14. Bf3 Ra8 15. Qb6 Qxb6 16. Bxb6 Bc6 17. Ba5 Rfc8 18. Rd2 $11
(18. Rfe1 18... Nd7 $11) 18... Ne8 19. Re1 $15 (19. Bb6 Bg5 20. Rdd1 20... f5
$11) 19... h6 $11 (19... b6 20. Bb4 20... a5 $17) 20. Rd3 Kh7 21. Red1 Kg8 22.
Bb4 {Alles auf d6!} 22... Kf8 23. Ba3 23... Kg8 $16 (23... b5 $11 $142 {
und Schwarz kann noch kaempfen}) 24. e5 Bxf3 25. gxf3 $1 {
die richtige Fortsetzung, um den Vorteil festzuhalten} 25... Rc4 26. Bxd6 $14 (
26. exd6 $5 $142 26... Bd8 27. b3 $16) 26... Nxd6 27. exd6 {
Ist dieser Freibauer gefaehrlich?} 27... Bf6 28. d7 $11 (28. R1d2 $5 $14 {
ist interessant}) 28... Rd8 29. Kg2 $17 (29. f4 $5 $11 {
ist die kritische Fortsetzung}) 29... Bxc3 30. bxc3 Kf8 31. f4 31... Ke7 $15 (
31... Rxf4 $5 32. a3 32... Ra4 $17) 32. f5 Rc7 33. Rg3 33... Kf6 $11 (33... e5
$5 $15 {ist zu beachten}) 34. fxe6 fxe6 35. Rf3+ Ke7 36. Rg3 36... Kf6 $11 (
36... g5 $5 $15) 37. Rf3+ Ke7 38. Rg3 38... Kf6 $11 (38... g5 39. Rh3 Rdxd7 40.
Re1 $15) 39. Rf3+ 1/2-1/2

[Event "ICS rated blitz match"]
[Site "204.178.125.65"]
[Date "1999.10.31"]
[Round "?"]
[White "Hossa"]
[Black "PostModernist"]
[Result "1-0"]
[WhiteElo "2495"]
[BlackElo "2634"]
[Annotator "Hiarcs 7.32 (22s)"]
[PlyCount "159"]
[EventDate "1999.??.??"]

1. c4 e5 2. Nc3 Nc6 3. e3 Nf6 4. d4 Bb4 (4... exd4 5. exd4 Bb4 6. Nf3 O-O 7.
Be2 d5 8. O-O dxc4 9. Bxc4 Bg4 10. Be3 a6 11. h3 Bh5 12. g4 Bg6 13. Nh4 Bxc3
14. Nxg6 Bxb2 15. Nxf8 Bxa1 16. Nxh7 Kxh7 17. Qxa1 Kg8 18. Qd1 Qd7 19. Qf3 Rd8
20. Rc1 Nd5 21. Bb3 Nxe3 22. fxe3 Na5 23. Bc2 Qe7 24. Bd3 Rd6 25. Qe4 Qxe4 26.
Bxe4 c6 27. Rc5 b6 28. Rc3 Kf8 29. Kf2 Ke7 30. h4 Rf6+ 31. Kg3 Kd6 32. Bd3 b5
33. e4 Re6 34. Ra3 Nc4 35. Rxa6 Nd2 36. Rxc6+ Kxc6 37. d5+ Kd6 38. dxe6 Kxe6
39. Kf4 b4 40. Ke3 {1-0 Kortschnoj,V-Renet,O/Debrecen 1992/EU-chT (40)}) 5. a3
$146 (5. d5 Ne7 (5... Bxc3+ 6. bxc3 Ne7 7. Ba3 d6 8. Bd3 b6 9. Ne2 Bf5 10. Ng3
Bg6 11. O-O O-O 12. f4 e4 13. Be2 Qc8 14. h3 Ne8 15. Rf2 f5 16. Nf1 Nf6 17. Nd2
h5 18. Nb3 Qe8 19. Nd4 Bf7 20. g3 Nd7 21. g4 fxg4 22. hxg4 hxg4 23. Bxg4 Nc5
24. Rh2 Qa4 25. Qe1 Qxa3 26. Qh4 Bg6 27. Be6+ Nxe6 28. dxe6 {
1-0 Kungel,S-Modler,A/OLBaden 9293 1993/GER 04 (28)}) 6. Qb3 (6. Bd3 d6 7. Bd2
O-O 8. Qc2 c6 9. Ne4 Bxd2+ 10. Qxd2 Nxe4 11. Bxe4 f5 12. Bc2 cxd5 13. cxd5 Qb6
14. Bb3 Bd7 15. Ne2 a5 16. O-O a4 17. Bc4 Qc5 18. Rfc1 b5 19. b4 Qb6 20. Bd3
20... Qb7 {Roth,H-Koch,W/Hessen-chS 1992/GER 02/0-1 (46)}) 6... Bxc3+ 7. Qxc3
d6 8. Nf3 a5 9. Be2 O-O 10. O-O Ne4 11. Qc2 Nc5 12. e4 f5 13. exf5 Bxf5 14. Qd2
Ng6 15. g3 Bh3 16. Re1 Bg4 17. Nh4 Ne4 18. Qe3 Nxf2 19. Nxg6 19... hxg6 {
Gibaru,B-Salomon,F/Paris 1993/EXT 93op/0-1 (84)}) 5... Bxc3+ 6. bxc3 O-O 7. Bd3
d5 8. Rb1 dxc4 9. Bxc4 b6 10. Nf3 Bf5 11. Rb2 exd4 12. cxd4 Na5 13. Ba6 Qd6 14.
O-O Rad8 15. Ne5 c5 16. Rd2 Ne4 17. Rd3 cxd4 18. Rxd4 Qf6 19. f4 Nc5 20. Qe2
Nab3 21. Rxd8 Rxd8 22. Bc4 Be6 23. Bxb3 Bxb3 24. Qh5 Qe6 25. Bb2 f6 26. Ng4 Bd1
27. Nxf6+ gxf6 28. Rxd1 Qxe3+ 29. Kf1 Qxf4+ 30. Kg1 Qe3+ 31. Kf1 Rxd1+ 32. Qxd1
Qf4+ 33. Kg1 Kg7 34. Qd8 Qe3+ 35. Kf1 Qd3+ 36. Qxd3 Nxd3 37. Bd4 Ne5 38. Ke2 h5
39. a4 Kf7 40. h3 Ke6 41. Be3 Kd5 42. Bh6 Kc4 43. Bg7 Nd7 44. Kf3 a5 45. Kg3 b5
46. axb5 a4 47. Bh6 a3 48. Bc1 Kb3 49. Bxa3 Kxa3 50. Kh4 Kb4 51. Kxh5 Kc5 52.
Kg6 Kd5 53. h4 f5 54. Kxf5 Kc4 55. g4 Kc5 56. g5 Kd6 57. h5 Ke7 58. h6 Kf8 59.
Ke6 Nc5+ 60. Kf6 Nd7+ 61. Kf5 Kg8 62. g6 Nc5 63. Kf6 Nd7+ 64. Ke6 Nf8+ 65. Kd6
$1 {ganz unerschrocken} 65... Nxg6 66. h7+ $1 {ein laestiges Schach} 66... Kxh7
(66... Kh8 67. b6 Nh4 68. b7 Nf5+ 69. Ke5 Nh6 70. b8=Q+ Kg7 71. h8=Q+ Kg6 72.
Qxh6+ Kxh6 73. Qg8 Kh5 74. Kf5 Kh6 75. Qh8#) 67. b6 Nh8 (67... Nf4 {
aendert den traurigen Lauf der Dinge nicht} 68. b7 Kg6 69. b8=Q Kf5 70. Qe8 Ng6
71. Qf7+ Kg5 72. Qf3 Nf4 73. Ke5 Ng6+ 74. Ke4 Ne7 75. Qf7 Ng6 76. Qg7 Kh5 77.
Kf5 Nh4+ 78. Kf6 Ng6 79. Qxg6+ Kh4 80. Qg2 Kh5 81. Qg5#) 68. b7 Nf7+ 69. Kd5
Kg6 (69... Kg7 {macht keinen grossen Unterschied} 70. b8=Q Kf6 71. Qc8 Nh6 72.
Qe6+ Kg7 73. Qe5+ Kh7 74. Qg5 Nf7 75. Qf6 Nd6 76. Qxd6 Kh8 77. Qd7 Kg8 78. Ke5
Kh8 79. Kf6 Kg8 80. Qg7#) 70. b8=Q Ng5 (70... Kf6 {
kann das Vorangegangene nicht ungeschehen machen} 71. Qc8 Nh6 72. Qe6+ Kg7 73.
Qe5+ Kh7 74. Qg5 Nf7 75. Qf6 Nd6 76. Qxd6 Kh8 77. Qd7 Kg8 78. Ke5 Kh8 79. Kf6
Kg8 80. Qg7#) 71. Qe5 Nf7 72. Qe6+ Kg7 73. Qf5 Nh6 (73... Nd8 {
aendert nichts am Ausgang der Partie} 74. Qg5+ Kh7 75. Qxd8 Kg7 76. Qg5+ Kh7
77. Ke5 Kh8 78. Kf6 Kh7 79. Qg7#) 74. Qg5+ Kh7 75. Ke6 Ng8 76. Kf7 Nh6+ 77. Kf8
Nf5 78. Qxf5+ (78. Qf6 Ne3 79. Qg7#) 78... Kh6 79. Qg4 Kh7 80. Qh5# (80. Qg7#)
1-0

[Event "ICS rated blitz match"]
[Site "204.178.125.65"]
[Date "1999.10.31"]
[Round "?"]
[White "Skeletor"]
[Black "Hossa"]
[Result "1-0"]
[WhiteElo "2717"]
[BlackElo "2497"]
[PlyCount "75"]
[EventDate "1999.??.??"]

1. d4 Nf6 2. c4 c5 3. d5 b5 4. cxb5 a6 5. bxa6 g6 6. Nc3 Bxa6 7. e4 Bxf1 8.
Kxf1 d6 9. g3 Bg7 10. Kg2 O-O 11. Nf3 Nbd7 12. Re1 Qa5 13. h3 13... Qb6 {
letzter Buchzug} 14. Qe2 e5 15. dxe6 fxe6 16. Rd1 Ne8 17. a4 Qb4 18. Ng5 Bd4
19. Be3 Nc7 20. Rac1 Bxc3 ({3.02 Hiarcs 7.32:} 20... h6 21. Bxd4 cxd4 22. Nd5
exd5 23. Rxc7 23... Qxa4 {0.84/5}) 21. Rxd6 Qxa4 22. Rxc3 Nb5 ({
4.51 Hiarcs 7.32:} 22... Rad8 23. Qd1 Qxd1 24. Rxd1 {3.09/6}) 23. Rc4 Qa7 24.
Rxe6 Rae8 25. b4 Rxe6 26. Nxe6 Rf6 27. Nxc5 Nd6 28. Rc1 Nxc5 29. bxc5 Nf7 ({
7.39 Hiarcs 7.32:} 29... Nc8 30. c6 Qf7 31. Bd4 Rd6 32. Be5 Re6 33. f4 {5.15/6}
) 30. c6 Qc7 31. Qa6 Qd8 32. Qb7 Nd6 33. Qd7 Rf8 34. Qxd8 Rxd8 35. Rd1 Kf7 36.
e5 Ke6 37. c7 Rc8 38. exd6 {Hossa resigns} 1-0

[Event "ICS rated blitz match"]
[Site "204.178.125.65"]
[Date "1999.10.31"]
[Round "?"]
[White "Skeletor"]
[Black "Hossa"]
[Result "1-0"]
[WhiteElo "2724"]
[BlackElo "2500"]
[PlyCount "154"]
[EventDate "1999.??.??"]

1. e4 e6 2. d4 d5 3. Nc3 Nf6 4. Bg5 Be7 5. e5 Nfd7 6. Bxe7 Qxe7 7. f4 O-O 8.
Nf3 c5 9. Qd2 f6 10. exf6 Qxf6 11. g3 Nc6 12. O-O-O cxd4 13. Nxd4 Nc5 14. Qe3 {
letzter Buchzug} 14... Qe7 ({0.41 Hiarcs 7.32:} 14... Bd7 15. Be2 Nxd4 16. Qxd4
Rac8 17. Qxf6 Rxf6 18. Rhe1 18... Rff8 {0.04/6}) 15. Nxc6 bxc6 16. Be2 Rb8 17.
Rhe1 Rb7 18. Bg4 Bd7 19. h3 a5 ({-0.23 Hiarcs 7.32:} 19... Rfb8 20. b3 a5 21.
f5 Re8 22. Qe5 22... Rb4 {0.29/7}) 20. f5 Re8 21. fxe6 Bxe6 22. Qf4 Qd8 23. Qd4
Bxg4 24. Qxg4 Rxe1 ({0.14 Hiarcs 7.32:} 24... Rbe7 25. Rxe7 Qxe7 26. Rf1 Qe3+
27. Kb1 d4 28. Nd1 28... Qd2 {-0.20/6}) 25. Rxe1 Rf7 26. Kb1 Qf8 27. Rc1 Rf2
28. Nd1 Rf6 29. Qe2 Ne4 30. g4 Rf3 31. Qa6 Qc5 32. h4 Nd2+ 33. Ka1 Rf8 34. Qe2
Ne4 35. Kb1 Qb4 36. g5 Re8 37. Qa6 Qc5 38. Qb7 Nd2+ 39. Ka1 Qd6 ({
-0.92 Hiarcs 7.32:} 39... Nf3 40. Qd7 Rf8 41. Qg4 d4 42. Qe4 {-0.63/6}) 40. Qb6
Nc4 41. Qf2 Rf8 42. Qe1 a4 43. Nc3 a3 44. b3 Ne5 45. Qg3 Rf3 46. Qe1 Ng6 47.
Nb1 Rf4 48. h5 Ne7 ({-0.45 Hiarcs 7.32:} 48... Ne5 49. Qa5 Qe7 50. Nxa3 Qxg5
51. Qd2 {-0.91/6}) 49. Qd2 Qe5+ ({-0.20 Hiarcs 7.32:} 49... Rg4 50. Re1 Nf5 51.
Nc3 Qb4 52. Rd1 {-0.45/6}) 50. c3 Re4 ({0.20 Hiarcs 7.32:} 50... Qxg5 51. Re1
Nf5 52. Rf1 Rg4 53. Qf2 g6 54. hxg6 hxg6 55. Nxa3 {-0.20/7}) 51. Rf1 Qg3 ({
0.50 Hiarcs 7.32:} 51... g6 52. hxg6 Nxg6 53. Qc1 Kg7 54. Rg1 Re3 55. Qxa3 {
0.20/7}) 52. Qc1 Qh3 53. h6 gxh6 ({1.20 Hiarcs 7.32:} 53... Re3 54. hxg7 Kxg7
55. Nxa3 Kg6 56. Qb1+ Nf5 57. Rh1 {0.50/6}) 54. gxh6 Ng6 55. Rf6 Qc8 ({
1.54 Hiarcs 7.32:} 55... Re6 56. Rxe6 Qxe6 57. Nxa3 Qh3 58. b4 Qh2 59. Qg5 {
1.11/6}) 56. Qxa3 Qe8 57. Qa6 Ne7 58. Nd2 Rg4 59. Qe2 Qd7 60. Nf3 Re4 61. Qf1
Qe8 62. Ng5 Rg4 63. Ne6 Ng6 64. Nd4 c5 65. Ne6 Re4 ({19.49 Hiarcs 7.32:} 65...
Qe7 66. a4 Re4 67. Qf5 67... Re1+ {1.03/6}) 66. Rxg6+ hxg6 67. Qf6 Re1+ 68. Kb2
Re2+ 69. Kc1 Re1+ 70. Kd2 Re2+ 71. Kxe2 Qxe6+ 72. Qxe6+ Kh7 73. Qxd5 Kxh6 74.
Qxc5 Kg7 75. Qe5+ Kh6 76. a4 g5 77. Qf6+ 77... Kh7 {Hossa resigns} 1-0